000 02479nam a22002657i 4500
001 99118430154504341
005 20250828073243.0
008 250424s2025 enk b 000 f eng d
020 _a9780241662434
_qhardback
020 _a9780241737668
_qtrade paperback
040 _aStEdNL
_beng
_erda
_cStEdNL
041 _aEnglish
100 _aMiller, Joanna,
_d1969-
_eauthor.
245 1 4 _aThe eights
_c/ Joanna Miller.
264 1 _a[London] :
_bFig Tree,
_c2025.
504 _aIncludes bibliographical references.
520 _aThey knew they were changing history. They didn't know they would change each other. Following the unlikely friendship of four of the first ever women to matriculate at Oxford University in the aftermath of the First World War, a captivating debut novel about sisterhood, self-determination and the many forms courage can take. Oxford, 1920. For the first time in its 1000-year history, the world's most famous university has admitted female students. Giddy with dreams of equality, education and emancipation, four young women move into neighbouring rooms. Beatrice, Dora, Marianne and Otto (collectively known as The Eights) have come here from all walks of life, and they are thrown into an unlikely, life-affirming friendship. Dora was never meant to go to university, but, after losing both her brother and her fiancé on the battlefield, has arrived in their place. Politically-minded Beatrice, daughter of a famous suffragette, sees Oxford as a chance to make her own way - and some friends her own age. Otto was a nurse during the war but is excited to return to her socialite lifestyle in Oxford - where she hopes to find distraction from the memories that haunt her. And finally Marianne, the quiet, clever daughter of a village pastor, who has a shocking secret she must hide from everyone, even her new friends, if she is to succeed. But Oxford's dreaming spires cast a dark shadow: in 1920, misogyny is still rife, influenza is still a threat, and the ghosts of the Great War are still very real indeed. And as the group navigate this tumultuous moment in time, their friendship will become more important than ever.
648 0 _aWorld War, 1914-1918
_vFiction
_xInfluence
650 0 _aWomen college students
_vFiction
_zEngland
_zOxford
650 0 _aGrief
_vFiction
_924357
650 0 _aSuffragists
_925811
650 0 _aFemale friendship – Fiction
_925456
651 0 _aOxford (England)
_vFiction
942 _2lcc
999 _c4886
_d4886